Egy világfi arcváltozásai Szent-Györgyi Albert a képzőművészetben /

[A tanulmány részben könyvismertető. 2009-ben megjelent Bóna Endre: Szent-Györgyi Albert emlékezete képzőművészeti alkotásokban c. könyve.]; Fényképek: [A könyv fedőlapja]; [Tizenkét Szent-Györgyiről készült érem]

Elmentve itt :
Bibliográfiai részletek
Szerző: Tandi Lajos
Dokumentumtípus: Cikk
Megjelent: 2010
Sorozat:Szeged 22 No. 8-9
Online Access:http://misc.bibl.u-szeged.hu/73244
LEADER 00851nab a2200181 i 4500
001 misc73244
005 20231016151332.0
008 231016s2010 hu o 000 hun d
040 |a SZTE Miscellanea Repozitórium  |b hun 
041 |a hun 
100 1 |a Tandi Lajos 
245 1 0 |a Egy világfi arcváltozásai   |h [elektronikus dokumentum] :  |b Szent-Györgyi Albert a képzőművészetben /  |c  Tandi Lajos 
260 |c 2010 
300 |a 50-53 
490 0 |a Szeged  |v 22 No. 8-9 
520 3 |a [A tanulmány részben könyvismertető. 2009-ben megjelent Bóna Endre: Szent-Györgyi Albert emlékezete képzőművészeti alkotásokban c. könyve.]; Fényképek: [A könyv fedőlapja]; [Tizenkét Szent-Györgyiről készült érem] 
561 |a Szent-Györgyi Albertről szóló irodalom 
856 4 0 |u http://misc.bibl.u-szeged.hu/73244/1/szgya_2010_003.pdf  |z Dokumentum-elérés